Historias del tiempo (Registro nro. 242228)

Detalles MARC
000 -ENCABEZADO
Número de control [NR] 00963cam a2200277M 4500
005 - FECHA Y HORA DE LA ÚLTIMA TRANSACCIÓN
control field 20140710100754.0
008 - DE LONGITUD FIJA DE DATOS DE ELEMENTOS - INFORMACIÓN GENERAL
Elementos de longitud fija [NR] 140710s1985 sp fr 000 0 spa d
020 ## - NUMERO INTERNACIONAL NORMALIZADO PARA LIBROS [R]
Número Internacional Normalizado del libro [NR] 8437505089
020 ## - NUMERO INTERNACIONAL NORMALIZADO PARA LIBROS [R]
Número Internacional Normalizado del libro [NR] 9788437505084
040 ## - FUENTE DE CATALOGACION [NR]
Agencia de catalogación original [NR] CO-BoUCM
Idioma de catalogación [NR] spa
Quien Cataloga Jose A. Gerena
Quien Clasifica Jose A. Gerena
041 1# - CODIGO DE IDIOMA [R]
Código de idioma para texto/pista de sonido o título separado [R] Español
100 1# - ASIENTO PRINCIPAL--NOMBRE PERSONAL [NR]
Nombre personal [NR] Attali, Jacques
ID Autoridad 62774
245 10 - MENCION DE TITULO [NR]
Título [NR] Historias del tiempo
Mención de responsabilidad, etc. [NR] Jacques Attali ; traducción de José Barrales Valladares
260 ## - PUBLICACION, DISTRIBUCION, ETC. (PIE DE IMPRENTA) [R]
Lugar de publicación, distribución, etc. [R] Madrid (España)
Nombre del editor, distribuidor, etc. [R] Fondo de Cultura Económica
Fecha de publicación, distribución, etc. [R] 1985
300 ## - DESCRIPCION FISICA [R]
Extensión [R] 287 páginas
504 ## - NOTA DE BIBLIOGRAFIA, ETC. [R]
Nota de bibliografía, etc. [NR] Incluye referencias bibliográficas
650 #7 - ASIENTO SECUNDARIO DE MATERIA - TERMINO TEMATICO [R]
Término temático o nombre geográfico como elemento de entrada [NR] Tiempo
Subdivisión general [R] Mediciones
9 (RLIN) 8159
650 #7 - ASIENTO SECUNDARIO DE MATERIA - TERMINO TEMATICO [R]
Término temático o nombre geográfico como elemento de entrada [NR] Calendarios
Subdivisión general [R] Historia
9 (RLIN) 10305
650 #7 - ASIENTO SECUNDARIO DE MATERIA - TERMINO TEMATICO [R]
Término temático o nombre geográfico como elemento de entrada [NR] Relojes
9 (RLIN) 23532
650 #7 - ASIENTO SECUNDARIO DE MATERIA - TERMINO TEMATICO [R]
Término temático o nombre geográfico como elemento de entrada [NR] Cronología
Subdivisión general [R] Historia
9 (RLIN) 7471
690 ## - ASUNTO AGREGADO LOCAL DE ENTRADA - TÉRMINO TEMÁTICO (OCLC, RLIN)
9 (RLIN) 42755
Acceso temático local Ciencias naturales
700 1# - ASIENTO SECUNDARIO - NOMBRE PERSONAL [R]
Nombre personal [NR] Barrales Valladares, José
Término de relación [R] traductor
9 (RLIN) 62775
765 ## - ASIENTO DE IDIOMA ORIGINAL [R]
Título [NR] Histories du temps
942 ## - ELEMENTOS DE ENTRADA AGREGADOS (KOHA)
Sistema de clasificación DEWEY
Tema principal Ciencias puras
Tipo de ítem principal el descrito en 300a Libro de reserva
Edición 1
Clasificación 529
Parte restante de la signatura top. A883
Existencias
Fecha de último préstamo Total préstamos Total Renewals Signatura topográfica Código de barras Última vez visto Ejemplar Costo de reposición Price effective from Tipo de ítem Perdido Sistema de clasificación Dañado No prestable Tipo de ítem específico Suprimido Ubicación habitual Ubicación actual Localización Fecha de creación Proveedor Forma de adquisición Costo
27/03/2019 4 2 529 A883 100142813 04/12/2025 Ej.2 33111.00 20/06/2014 Libro   DEWEY     Libro   Claustro Claustro 4to piso 20/06/2014 15 Compra 32860.00
      529 A883 100142812 04/12/2025 Ej.1 33111.00 20/06/2014 Libro   DEWEY     Libro   Claustro Claustro 4to piso 20/06/2014 15 Compra 32860.00